<?xml version="1.0" encoding="UTF-8"?>
<record
    xmlns:xsi="http://www.w3.org/2001/XMLSchema-instance"
    xsi:schemaLocation="http://www.loc.gov/MARC21/slim http://www.loc.gov/standards/marcxml/schema/MARC21slim.xsd"
    xmlns="http://www.loc.gov/MARC21/slim">

  <leader>00815nam a22002417a 4500</leader>
  <controlfield tag="003">UA-OsUOA</controlfield>
  <controlfield tag="001"> 21049 </controlfield>
  <controlfield tag="007">ta</controlfield>
  <controlfield tag="008">20031113b un ||||| |||| 00| 0 ukr d</controlfield>
  <datafield tag="090" ind1=" " ind2=" ">
    <subfield code="a">94 (477)"1932/1933"</subfield>
    <subfield code="b">&#x41C;43</subfield>
  </datafield>
  <datafield tag="942" ind1=" " ind2=" ">
    <subfield code="c">BK</subfield>
  </datafield>
  <datafield tag="040" ind1=" " ind2=" ">
    <subfield code="a">UA-OsUOA</subfield>
    <subfield code="b">rus</subfield>
    <subfield code="c">UA-OsUOA</subfield>
    <subfield code="d">UA-OsUOA</subfield>
  </datafield>
  <datafield tag="245" ind1=" " ind2=" ">
    <subfield code="a">&#x41C;&#x435;&#x436;&#x434;&#x443;&#x43D;&#x430;&#x440;&#x43E;&#x434;&#x43D;&#x430;&#x44F; &#x43A;&#x43E;&#x43C;&#x438;&#x441;&#x441;&#x438;&#x44F; &#x43F;&#x43E; &#x440;&#x430;&#x441;&#x441;&#x43B;&#x435;&#x434;&#x43E;&#x432;&#x430;&#x43D;&#x438;&#x44E; &#x433;&#x43E;&#x43B;&#x43E;&#x434;&#x430; &#x43D;&#x430; &#x423;&#x43A;&#x440;&#x430;&#x438;&#x43D;&#x435; 1932-1933 &#x433;&#x43E;&#x434;&#x43E;&#x432;</subfield>
    <subfield code="b">&#x418;&#x442;&#x43E;&#x433;&#x43E;&#x432;&#x44B;&#x439; &#x43E;&#x442;&#x447;&#x435;&#x442; 1990 &#x433;&#x43E;&#x434;</subfield>
    <subfield code="c">&#x43E;&#x442;&#x432;. &#x437;&#x430; &#x432;&#x44B;&#x43F;. &#x415;&#x432;&#x442;&#x443;&#x445; &#x412;. &#x411;.</subfield>
  </datafield>
  <datafield tag="300" ind1=" " ind2=" ">
    <subfield code="a">192 &#x441;.</subfield>
  </datafield>
  <datafield tag="955" ind1=" " ind2=" ">
    <subfield code="a">1</subfield>
  </datafield>
  <datafield tag="041" ind1=" " ind2=" ">
    <subfield code="a">rus</subfield>
  </datafield>
  <datafield tag="080" ind1=" " ind2=" ">
    <subfield code="a">94 (477)"1932/1933"</subfield>
  </datafield>
  <datafield tag="020" ind1=" " ind2=" ">
    <subfield code="a">5-12-003422-5</subfield>
  </datafield>
  <datafield tag="260" ind1=" " ind2=" ">
    <subfield code="a">&#x41A;.</subfield>
    <subfield code="b">&#x423;&#x43A;&#x440;&#x426;&#x42D;&#x41D;&#x414;&#x418;&#x421;&#x418;</subfield>
    <subfield code="c">1992</subfield>
  </datafield>
  <datafield tag="044" ind1=" " ind2=" ">
    <subfield code="a">RU</subfield>
  </datafield>
  <datafield tag="650" ind1=" " ind2="7">
    <subfield code="a">9 &#x413;&#x435;&#x43E;&#x433;&#x440;&#x430;&#x444;&#x456;&#x44F;. &#x411;&#x456;&#x43E;&#x433;&#x440;&#x430;&#x444;&#x456;&#x457;. &#x406;&#x441;&#x442;&#x43E;&#x440;&#x456;&#x44F;</subfield>
    <subfield code="2">UDC</subfield>
  </datafield>
  <datafield tag="999" ind1=" " ind2=" ">
    <subfield code="c">307241</subfield>
    <subfield code="d">307241</subfield>
  </datafield>
  <datafield tag="952" ind1=" " ind2=" ">
    <subfield code="0">0</subfield>
    <subfield code="1">0</subfield>
    <subfield code="2">udc</subfield>
    <subfield code="4">0</subfield>
    <subfield code="7">0</subfield>
    <subfield code="a">101</subfield>
    <subfield code="b">101</subfield>
    <subfield code="d">2013-03-15</subfield>
    <subfield code="e">14/2013</subfield>
    <subfield code="g">20.00</subfield>
    <subfield code="i">141772</subfield>
    <subfield code="l">0</subfield>
    <subfield code="p">141772</subfield>
    <subfield code="r">2022-01-25 00:00:00</subfield>
    <subfield code="w">2003-11-13</subfield>
    <subfield code="y">BK</subfield>
  </datafield>
  <datafield tag="952" ind1=" " ind2=" ">
    <subfield code="0">0</subfield>
    <subfield code="1">0</subfield>
    <subfield code="2">udc</subfield>
    <subfield code="4">0</subfield>
    <subfield code="7">0</subfield>
    <subfield code="a">101</subfield>
    <subfield code="b">101</subfield>
    <subfield code="d">2013-03-15</subfield>
    <subfield code="e">14/2013</subfield>
    <subfield code="g">20.00</subfield>
    <subfield code="i">141773</subfield>
    <subfield code="l">0</subfield>
    <subfield code="p">141773</subfield>
    <subfield code="r">2022-01-25 00:00:00</subfield>
    <subfield code="w">2003-11-13</subfield>
    <subfield code="y">BK</subfield>
  </datafield>
  <datafield tag="952" ind1=" " ind2=" ">
    <subfield code="0">0</subfield>
    <subfield code="1">0</subfield>
    <subfield code="2">udc</subfield>
    <subfield code="4">0</subfield>
    <subfield code="7">0</subfield>
    <subfield code="a">101</subfield>
    <subfield code="b">101</subfield>
    <subfield code="d">2007-10-24</subfield>
    <subfield code="i">40832</subfield>
    <subfield code="l">0</subfield>
    <subfield code="p">40832</subfield>
    <subfield code="r">2022-01-25 00:00:00</subfield>
    <subfield code="w">2003-11-13</subfield>
    <subfield code="y">BK</subfield>
  </datafield>
  <datafield tag="952" ind1=" " ind2=" ">
    <subfield code="0">0</subfield>
    <subfield code="1">0</subfield>
    <subfield code="2">udc</subfield>
    <subfield code="4">0</subfield>
    <subfield code="7">0</subfield>
    <subfield code="a">101</subfield>
    <subfield code="b">101</subfield>
    <subfield code="d">2003-11-13</subfield>
    <subfield code="i">40833</subfield>
    <subfield code="l">0</subfield>
    <subfield code="p">40833</subfield>
    <subfield code="r">2022-01-25 00:00:00</subfield>
    <subfield code="w">2003-11-13</subfield>
    <subfield code="y">BK</subfield>
  </datafield>
  <datafield tag="952" ind1=" " ind2=" ">
    <subfield code="0">0</subfield>
    <subfield code="1">0</subfield>
    <subfield code="2">udc</subfield>
    <subfield code="4">0</subfield>
    <subfield code="7">0</subfield>
    <subfield code="a">101</subfield>
    <subfield code="b">101</subfield>
    <subfield code="d">2003-11-13</subfield>
    <subfield code="g">19.33</subfield>
    <subfield code="i">40834</subfield>
    <subfield code="l">0</subfield>
    <subfield code="p">40834</subfield>
    <subfield code="r">2022-01-25 00:00:00</subfield>
    <subfield code="w">2003-11-13</subfield>
    <subfield code="y">BK</subfield>
  </datafield>
  <datafield tag="952" ind1=" " ind2=" ">
    <subfield code="0">0</subfield>
    <subfield code="1">0</subfield>
    <subfield code="2">udc</subfield>
    <subfield code="4">0</subfield>
    <subfield code="7">0</subfield>
    <subfield code="a">101</subfield>
    <subfield code="b">101</subfield>
    <subfield code="d">2003-11-13</subfield>
    <subfield code="g">19.33</subfield>
    <subfield code="i">40835</subfield>
    <subfield code="l">0</subfield>
    <subfield code="p">40835</subfield>
    <subfield code="r">2022-01-25 00:00:00</subfield>
    <subfield code="w">2003-11-13</subfield>
    <subfield code="y">BK</subfield>
  </datafield>
  <datafield tag="952" ind1=" " ind2=" ">
    <subfield code="0">0</subfield>
    <subfield code="1">0</subfield>
    <subfield code="2">udc</subfield>
    <subfield code="4">0</subfield>
    <subfield code="7">0</subfield>
    <subfield code="a">101</subfield>
    <subfield code="b">101</subfield>
    <subfield code="d">2003-11-13</subfield>
    <subfield code="g">19.33</subfield>
    <subfield code="i">40836</subfield>
    <subfield code="l">0</subfield>
    <subfield code="p">40836</subfield>
    <subfield code="r">2022-01-25 00:00:00</subfield>
    <subfield code="w">2003-11-13</subfield>
    <subfield code="y">BK</subfield>
  </datafield>
  <datafield tag="952" ind1=" " ind2=" ">
    <subfield code="0">0</subfield>
    <subfield code="1">0</subfield>
    <subfield code="2">udc</subfield>
    <subfield code="4">0</subfield>
    <subfield code="7">0</subfield>
    <subfield code="a">101</subfield>
    <subfield code="b">101</subfield>
    <subfield code="d">2003-11-13</subfield>
    <subfield code="g">20.00</subfield>
    <subfield code="i">50279</subfield>
    <subfield code="l">0</subfield>
    <subfield code="p">50279</subfield>
    <subfield code="r">2022-01-25 00:00:00</subfield>
    <subfield code="w">2003-11-13</subfield>
    <subfield code="y">BK</subfield>
  </datafield>
  <datafield tag="952" ind1=" " ind2=" ">
    <subfield code="0">0</subfield>
    <subfield code="1">0</subfield>
    <subfield code="2">udc</subfield>
    <subfield code="4">0</subfield>
    <subfield code="7">0</subfield>
    <subfield code="a">101</subfield>
    <subfield code="b">101</subfield>
    <subfield code="d">2003-11-13</subfield>
    <subfield code="g">10.00</subfield>
    <subfield code="i">50280</subfield>
    <subfield code="l">0</subfield>
    <subfield code="p">50280</subfield>
    <subfield code="r">2022-01-25 00:00:00</subfield>
    <subfield code="w">2003-11-13</subfield>
    <subfield code="y">BK</subfield>
  </datafield>
  <datafield tag="952" ind1=" " ind2=" ">
    <subfield code="0">0</subfield>
    <subfield code="1">0</subfield>
    <subfield code="2">udc</subfield>
    <subfield code="4">0</subfield>
    <subfield code="7">0</subfield>
    <subfield code="a">101</subfield>
    <subfield code="b">101</subfield>
    <subfield code="d">2003-11-13</subfield>
    <subfield code="g">12.00</subfield>
    <subfield code="i">50281</subfield>
    <subfield code="l">0</subfield>
    <subfield code="p">50281</subfield>
    <subfield code="r">2022-01-25 00:00:00</subfield>
    <subfield code="w">2003-11-13</subfield>
    <subfield code="y">BK</subfield>
  </datafield>
  <datafield tag="952" ind1=" " ind2=" ">
    <subfield code="0">0</subfield>
    <subfield code="1">0</subfield>
    <subfield code="2">udc</subfield>
    <subfield code="4">0</subfield>
    <subfield code="7">0</subfield>
    <subfield code="a">101</subfield>
    <subfield code="b">101</subfield>
    <subfield code="d">2003-11-13</subfield>
    <subfield code="g">19.33</subfield>
    <subfield code="i">50282</subfield>
    <subfield code="l">0</subfield>
    <subfield code="p">50282</subfield>
    <subfield code="r">2022-01-25 00:00:00</subfield>
    <subfield code="w">2003-11-13</subfield>
    <subfield code="y">BK</subfield>
  </datafield>
  <datafield tag="952" ind1=" " ind2=" ">
    <subfield code="0">0</subfield>
    <subfield code="1">0</subfield>
    <subfield code="2">udc</subfield>
    <subfield code="4">0</subfield>
    <subfield code="7">0</subfield>
    <subfield code="a">101</subfield>
    <subfield code="b">101</subfield>
    <subfield code="d">2003-11-13</subfield>
    <subfield code="i">50283</subfield>
    <subfield code="l">0</subfield>
    <subfield code="p">50283</subfield>
    <subfield code="r">2022-01-25 00:00:00</subfield>
    <subfield code="w">2003-11-13</subfield>
    <subfield code="y">BK</subfield>
  </datafield>
  <datafield tag="952" ind1=" " ind2=" ">
    <subfield code="0">0</subfield>
    <subfield code="1">0</subfield>
    <subfield code="2">udc</subfield>
    <subfield code="4">0</subfield>
    <subfield code="7">0</subfield>
    <subfield code="a">102</subfield>
    <subfield code="b">102</subfield>
    <subfield code="d">2004-02-03</subfield>
    <subfield code="g">2.00</subfield>
    <subfield code="i">77220</subfield>
    <subfield code="l">0</subfield>
    <subfield code="p">77220</subfield>
    <subfield code="r">2022-02-07 00:00:00</subfield>
    <subfield code="w">2003-11-13</subfield>
    <subfield code="y">BK</subfield>
  </datafield>
  <datafield tag="952" ind1=" " ind2=" ">
    <subfield code="0">0</subfield>
    <subfield code="1">0</subfield>
    <subfield code="2">udc</subfield>
    <subfield code="4">0</subfield>
    <subfield code="7">0</subfield>
    <subfield code="a">102</subfield>
    <subfield code="b">102</subfield>
    <subfield code="d">2005-02-10</subfield>
    <subfield code="i">80389</subfield>
    <subfield code="l">0</subfield>
    <subfield code="p">80389</subfield>
    <subfield code="r">2022-02-07 00:00:00</subfield>
    <subfield code="w">2003-11-13</subfield>
    <subfield code="y">BK</subfield>
  </datafield>
  <datafield tag="952" ind1=" " ind2=" ">
    <subfield code="0">0</subfield>
    <subfield code="1">0</subfield>
    <subfield code="2">udc</subfield>
    <subfield code="4">0</subfield>
    <subfield code="7">0</subfield>
    <subfield code="a">102</subfield>
    <subfield code="b">102</subfield>
    <subfield code="d">2005-02-10</subfield>
    <subfield code="g">6.28</subfield>
    <subfield code="i">80390</subfield>
    <subfield code="l">0</subfield>
    <subfield code="p">80390</subfield>
    <subfield code="r">2022-02-07 00:00:00</subfield>
    <subfield code="w">2003-11-13</subfield>
    <subfield code="y">BK</subfield>
  </datafield>
  <datafield tag="952" ind1=" " ind2=" ">
    <subfield code="0">0</subfield>
    <subfield code="1">0</subfield>
    <subfield code="2">udc</subfield>
    <subfield code="4">0</subfield>
    <subfield code="7">0</subfield>
    <subfield code="a">102</subfield>
    <subfield code="b">102</subfield>
    <subfield code="d">2005-02-10</subfield>
    <subfield code="g">6.28</subfield>
    <subfield code="i">80391</subfield>
    <subfield code="l">0</subfield>
    <subfield code="p">80391</subfield>
    <subfield code="r">2022-02-07 00:00:00</subfield>
    <subfield code="w">2003-11-13</subfield>
    <subfield code="y">BK</subfield>
  </datafield>
  <datafield tag="952" ind1=" " ind2=" ">
    <subfield code="0">0</subfield>
    <subfield code="1">0</subfield>
    <subfield code="2">udc</subfield>
    <subfield code="4">0</subfield>
    <subfield code="7">0</subfield>
    <subfield code="a">102</subfield>
    <subfield code="b">102</subfield>
    <subfield code="d">2005-02-10</subfield>
    <subfield code="g">6.28</subfield>
    <subfield code="i">80393</subfield>
    <subfield code="l">0</subfield>
    <subfield code="p">80393</subfield>
    <subfield code="r">2022-02-07 00:00:00</subfield>
    <subfield code="w">2003-11-13</subfield>
    <subfield code="y">BK</subfield>
  </datafield>
  <datafield tag="952" ind1=" " ind2=" ">
    <subfield code="0">0</subfield>
    <subfield code="1">0</subfield>
    <subfield code="2">udc</subfield>
    <subfield code="4">0</subfield>
    <subfield code="7">0</subfield>
    <subfield code="a">102</subfield>
    <subfield code="b">102</subfield>
    <subfield code="d">2005-02-10</subfield>
    <subfield code="i">80394</subfield>
    <subfield code="l">0</subfield>
    <subfield code="p">80394</subfield>
    <subfield code="r">2022-02-07 00:00:00</subfield>
    <subfield code="w">2003-11-13</subfield>
    <subfield code="y">BK</subfield>
  </datafield>
  <datafield tag="952" ind1=" " ind2=" ">
    <subfield code="0">0</subfield>
    <subfield code="1">0</subfield>
    <subfield code="2">udc</subfield>
    <subfield code="4">0</subfield>
    <subfield code="7">0</subfield>
    <subfield code="a">102</subfield>
    <subfield code="b">102</subfield>
    <subfield code="d">2005-02-10</subfield>
    <subfield code="g">6.28</subfield>
    <subfield code="i">80450</subfield>
    <subfield code="l">0</subfield>
    <subfield code="p">80450</subfield>
    <subfield code="r">2022-02-07 00:00:00</subfield>
    <subfield code="w">2003-11-13</subfield>
    <subfield code="y">BK</subfield>
  </datafield>
</record>
